| 000 | 00400pab a2200145 454500 | ||
|---|---|---|---|
| 008 | 180718b1986 xxu||||| |||| 00| 0 eng d | ||
| 100 | _aWilson, Douglas J. | ||
| 245 |
_aDisability and employment _bA guide for managers in the public sector |
||
| 260 | _c1986 | ||
| 300 | _a634-5 | ||
| 362 | _aWinter | ||
| 650 | _aHandicapped - Employment | ||
| 773 | _aCanadian Public Administration | ||
| 909 | _a9607 | ||
| 999 |
_c9607 _d9607 |
||